00762 a2200217 4500010001400000020002300014035001300037037001500050082001100065090001700076100001900093245009300112260003700205270002600242300002800268500005000296650002100346942002600367999001500393952013600408 aENG-89069 a8124603529c200.0014aEN-726021 bDBAD / PUB14a181.46 c10152d10152 aSharma, Arvind1 aSea-shell as silver :cby Arvind Sharmaba metaphorical excursion into Advaita Vedanta / aNew DelhibD.K. Printworldc2006 mdkprintworld@vsnl.net avii, 110p.c23 cm ( Hb) aIncludes bibliographical references and index aAdvaitaxVedanta adplcENk181.46 / SHA c9922d9922 00102ddc40718NFICaDBADbDBADeDBAD/PUBg200.00l0o181.46 SHApEN-72602r2008-09-15 00:00:00t1u10934v200.00w2008-09-15yEN